000 00988nas a2200337 4500
001 BR2015006827
003 BR-BrBNA
005 20231205130106.0
007 ta
008 230509b bl.|||p| |||| 00| 00por d
040 _aBR-BrBNA
_bpor
_cBiblioteca Nacional de Agricultura
041 _a(Pt)
072 _aF30; F01
100 1 _aChielle, Z.G.
100 1 _aGabe, N.L.
100 1 _aMigon, L.
100 1 _aCaraffa, M.
100 1 _aTeixeira, G.D.
100 1 _aBraun, J.
100 1 _aCoutinho, A. de Q.
100 1 _aBecker, L.
100 1 _aRodrigues, L.R.
245 1 _aEnsaio sul-rio-grandense de sorgo silageiro: análise conjunta da safra 2010/2011
650 _aSORGO
650 _aVARIEDADE RESISTENTE
650 _aMELHORAMENTO GENÉTICO VEGETAL
650 _aSAFRA
773 0 _tPesquisa Agropecuária Gaúcha (Brazil)
_xISSN 0104-9070
_g(2011), v. 17(2) p. 191-195
_wBR2015006827
909 _a202311
_bLúcia
_c55
_dLúcia Elande
942 _2AGRIS
_n0
_cANA
999 _c247848
_d247848